| 000 | 01046cam a22001934a 4500 | ||
|---|---|---|---|
| 005 | 20250605163924.0 | ||
| 008 | 250528s ||||||||||||||||||||||||d | ||
| 035 | _a14498 | ||
| 020 | _a48000183 | ||
| 040 |
_aGR-AtMCL _bgre _dGR-AtMCL _eAACR2 |
||
| 245 | 1 | _aFreud and the Culture of Psychoanalysis / Studies in the Transition from Victorian Humanism to Modernity | |
| 260 |
_bGeorge Allen & Unwin Ltd, _c1984 |
||
| 300 | _a270 | ||
| 520 | _aThis book breaks new ground in assessing Freud as both an exemplary late-Victorian and as a pivotal figure in the creation of modern thought and culture. Acknowledgements, Introduction, The Origins of Psychoanalysis Revisited, Freud's Three Essays on the Theory of Sexuality, Freud and Dora: Story and History and Case History, Freud and the Rat Man, Psychoanalytic Theory and Cultural Change, Some Cultural Precursors of Psychic Change, Freud and Biography, Postscript: Notes on Psychoanalysis Today, Index. | ||
| 700 | 1 |
_aMarcus Stevev _9194 |
|
| 942 | _cBK | ||
| 999 |
_c127 _d127 |
||